La Porta al territori : cartografia excursionista a Catalunya cartografia excursionista a Catalunya
ISBN:
978-84-87790-60-7
Descripción Física:
63 p. : fot. col., map. ; 21 cm
Otros Autores:
Museu de Granollers
MARC
| LEADER | 00000nam a2200000Ia 4500 | ||
|---|---|---|---|
| 001 | 19544 | ||
| 008 | 160829s2007 xx 000 0 cat d | ||
| 020 | |a 978-84-87790-60-7 | ||
| 080 | |a C-3-14 | ||
| 245 | |a La Porta al territori : |b cartografia excursionista a Catalunya | ||
| 260 | |a Granollers : |b Alpina i Museu de Granollers, |c 2007 | ||
| 300 | |a 63 p. : |b fot. col., map. ; |c 21 cm | ||
| 590 | |a Bibliografia a cada capítol | ||
| 650 | |a Excursionisme |x Catalunya |9 48789 | ||
| 650 | |a Cartografia |x Catalunya |9 22907 | ||
| 650 | |a Topònims |x Catalunya |9 47176 | ||
| 700 | |a Museu de Granollers |9 22909 | ||
| 901 | |a Arxiu | ||
| 942 | |n 1 | ||
| 952 | |0 0 |1 0 |4 0 |6 C314 |7 1 |9 42377 |a Arxiu |b Arxiu |d 2016-12-01 |l 0 |o C-3-14 |p 19544 |r 2016-12-01 00:00:00 |w 2016-12-01 |y ARXIU | ||
| 999 | |c 44855 |d 44855 | ||